[Event "IECG OP.2007.0.00278 email"]
[Site "IECG email"]
[Date "2007.04.06"]
[Round "?"]
[White "Tomisich, Claudio"]
[Black "Rosado, Alfonso"]
[Result "0-1"]
[WhiteElo "800"]
[BlackElo "1220"]
[PlyCount "74"]
[EventDate "2007.04.04"]
[EventType "tourn (corr)"]
[EventRounds "6"]
[SourceTitle "Corr 2022"]
[Source "ChessBase"]
[SourceDate "2021.10.24"]
[SourceVersion "1"]
[SourceVersionDate "2021.10.24"]
[SourceQuality "1"]

1. e4 e6 2. d4 d5 3. Nd2 c5 4. Ngf3 Nf6 5. e5 Nfd7 6. c3 Nc6 7. Bd3 Qb6 8. 0-0 cxd4 9. cxd4 Nxd4 10. Nxd4 Qxd4 11. Nf3 Qb6 12. Rb1 a5 13. Be3 Bc5 14. Re1 Bxe3 15. Rxe3 Nc5 16. Bc2 Bd7 17. Nd4 Rc8 18. Qg4 g6 19. Qg5 Na6 20. Qf6 Rf8 21. Rd3 Rc4 22. Rbd1 Qxb2 23. Bb3 Rc1 24. Rxc1 Qxc1+ 25. Rd1 Qb2 26. Qf4 Nc5 27. Qf6 a4 28. Bc2 Qxa2 29. Qf4 Qc4 30. Qe3 f5 31. exf6 Rxf6 32. Rc1 Qa2 33. Ne2 Nb3 34. Nc3 d4 35. Bxb3 dxe3 36. Bxa2 Rxf2 37. Re1 b5 0-1